| 000 | 00456nam a22001577a 4500 | ||
|---|---|---|---|
| 003 | NUST | ||
| 005 | 20260206161010.0 | ||
| 008 | 260206b ||||| |||| 00| 0 eng d | ||
| 082 | _a910.285 | ||
| 100 |
_aEsri Press _9133102 |
||
| 245 |
_aAvenue: customization and application development for ArcView GIS / _cEsri Press. |
||
| 260 |
_aUSA: _bEnviromental Systems Research Institute, _c1996. |
||
| 300 | _a240 p ; | ||
| 563 | _aPaperback | ||
| 942 |
_2ddc _cBK |
||
| 999 |
_c616097 _d616097 |
||